| 000 | 03273nam a2200289Ia 4500 | ||
|---|---|---|---|
| 001 | 0 | ||
| 003 | DR-UNIBE | ||
| 005 | 20251124113602.0 | ||
| 008 | 251124b2005 dr ||||| |||| 00| 0 spa d | ||
| 020 | _a9993495301 (volumen 2) | ||
| 040 |
_aBIBLIOTECA UNIBE _cBIBLIOTECA UNIBE _bspa |
||
| 041 | _aspa | ||
| 082 | 0 | _aRD 342.7293 J82d 2005 | |
| 100 | 1 |
_aJorge Prats, Eduardo, _98540 _d1964- _eautor |
|
| 245 | 1 | 0 |
_aDerecho constitucional. Volumen 2 / _cEduardo Jorge Prats |
| 250 | _aPrimera edición | ||
| 260 |
_aSanto Domingo : _bGaceta Judicial, _c2005 |
||
| 300 | _avolúmenes | ||
| 490 | _aGaceta Judicial. Colección Manuales | ||
| 505 | 0 | _aDedicatoria | Prólogo | PARTE VI: LA ORGANIZACIÓN DE LA LIBERTAD | Capítulo 25. El sistema de los derechos fundamentales | Capítulo 26. El derecho a la igualdad | Capítulo 27. Los derechos constitutivos de la personalidad | Capítulo 28. Los derechos de la comunicación física, intelectual y social | Capítulo 29. Los derechos sociales | Capítulo 30. El debido proceso | Capítulo 31. La protección de los derechos fundamentales | Capítulo 32. Los deberes fundamentales | PARTE VII: LA ORGANIZACIÓN DEL PODER | Capítulo 33. El poder electoral | Capítulo 34. La separación de poderes | Capítulo 35. El poder legislativo | Capítulo 36. El poder ejecutivo | Capítulo 37. El poder judicial | PARTE VIII: CONSTITUCIÓN Y SOCIEDAD | Capítulo 38. La constitucionalización de la sociedad | Capítulo 39. La constitución económica | Capítulo 40. La constitución cultural | Capítulo 41. La constitución ambiental | Capítulo 42. La constitucionalización del derecho | PARTE IX. LA ESTRUCTURA TERRITORIAL DEL ESTADO | Capítulo 43. Las formas de Estado ♀4 Capítulo 44. La autonomía municipal | PARTE X: LA DEFENSA DE LA CONSTITUCIÓN | Capítulo 45. La defensa de la Constitución | Capítulo 46. El estado de excepción | Capítulo 47. La reforma constitucional | |
| 520 | 3 | _aEsta obra parte del presupuesto de que el Derecho Constitucional permite la crítica del Derecho desde el Derecho mismo porque la Constitución, sobre todo, contiene normas que rigen la producción de normas, tanto a nivel formal o procesal como a nivel sustancial o de contenido. De ahí que el libro toma la Constitución en serio y no es permeado por el escepticismo de quienes invalidan la Constitución a partir de prácticas políticas o sociales. El Derecho Constitucional debe construir puentes entre la normatividad y la facticidad que acerquen las prácticas de instituciones, autoridades y ciudadanos a los preceptos constitucionales y que permitan revisar estos preceptos a la luz de estas prácticas. La obra del profesor Eduardo Jorge Prats, en dos volúmenes, permite al lector aproximarse no solo al Derecho Constitucional dominicano sino, en sentido general, a la Teoría de la Constitución y al Derecho Constitucional comparado que le sirve de sustento, pudiendo orientar así la labor de jueces y demás operadores del ordenamiento jurídico-constitucional. | |
| 650 | 7 |
_aDerecho constitucional _95528 _2lemb |
|
| 651 | 7 |
_aRepública Dominicana _xDerecho constitucional _95535 _2lemb |
|
| 655 | 7 |
_2lemb _aManuales _9194534 |
|
| 942 |
_cBK _2ddc |
||
| 951 | _a20101116 07:27:11 | ||
| 999 |
_c114233 _d114233 |
||